| 000 | 00624nam a22001937a 4500 | ||
|---|---|---|---|
| 003 | OSt | ||
| 005 | 20260421023044.0 | ||
| 008 | 250826b |||||||| |||| 00| 0 eng d | ||
| 020 | _a978071283663 | ||
| 040 |
_aDWCL-Main lib _cOC |
||
| 082 | _aCirc. 612 W641v 2008 | ||
| 100 | _aWidmaier, Eric P. | ||
| 245 |
_aVander's human physiology : the mechanism of body function _cEric P. Widmaier |
||
| 260 |
_aNew York : _bMcGraw-Hill, _cc2008. |
||
| 300 |
_axxviii, 770 pages : _bcolor illustrations ; _c28 cm. |
||
| 504 | _aIncludes glossary | ||
| 650 | _a1.Human physiology. | ||
| 942 |
_2ddc _cBK-CIRC _eEleventh edition _kCirc. _n0 |
||
| 999 |
_c4285 _d4285 |
||